000 00694nam0a22002291 4500
001 rc\2623257
005 20250623142853.0
035 _a(NLR Aleph) 006786902
090 _a6102987
_c6102987
100 _a20110914d1931 |||y0rusy50 ca
101 0 _arus
102 _aRU
105 _ay z |||||
200 1 _aМассовые песни
_fЛенингр. обл. сов. профсоюзов. Культсектор
210 _a[Ленинград]
_cТритон
_d1931
_gтип. "Советский печатник"
215 _a16 с.
_d14х10 см.
801 0 _aRU
_bNLR
_gpsbo
801 1 _aRU
_bELAR
_2rusmarc
852 _aNLR
_j32-8/227
942 _cBOOK
980 _aNB